Atlas of allergies and clinical immunology
Đã lưu trong:
| Formáid: | Leabhar |
|---|---|
| Teanga: | Undetermined |
| Foilsithe: |
Philadelphia, PA
Mosby
2006
|
| Ábhair: | |
| Clibeanna: |
Cuir Clib Leis
Gan Chlibeanna, Bí ar an gcéad duine leis an taifead seo a chlibeáil!
|
| Thư viện lưu trữ: | Trung tâm Học liệu Trường Đại học Cần Thơ |
|---|
| LEADER | 00519nam a2200193Ia 4500 | ||
|---|---|---|---|
| 001 | CTU_123844 | ||
| 008 | 210402s9999 xx 000 0 und d | ||
| 020 | |c 2384000 | ||
| 082 | |a 616.97 | ||
| 082 | |b A881 | ||
| 245 | 0 | |a Atlas of allergies and clinical immunology | |
| 245 | 0 | |c Edited by Philip Fireman | |
| 260 | |a Philadelphia, PA | ||
| 260 | |b Mosby | ||
| 260 | |c 2006 | ||
| 650 | |a Allergy,Hypersensitivity | ||
| 650 | |x Atlas,Atlas | ||
| 904 | |i Minh | ||
| 980 | |a Trung tâm Học liệu Trường Đại học Cần Thơ | ||